Online professional development through virtual learning communities

Kaydedildi:
Detaylı Bibliyografya
Yazar: HOLLINS-ALEXANDER, Sonja
Materyal Türü: Kitap
Dil:İngilizce
Baskı/Yayın Bilgisi: Corwin 2013
Etiketler: Etiketle
Etiket eklenmemiş, İlk siz ekleyin!

MARC

LEADER 00000nam a22000007a 4500
008 210125b ||||| |||| 00| 0 eng d
020 |a 978-1-4522-7666-3 
100 |a HOLLINS-ALEXANDER, Sonja. 
245 |a Online professional development through virtual learning communities  |c Sonja Hollins-Alexander  |g  xxii; 92p.; ill. 
260 |b Corwin  |c 2013  |h Thousand Oaks, California  |i 692497  |i 692498  |l LB1731 .H72  |m Teachers-in-service training – Computer networks  |m Professional learning communities. 
942 |a lcc  |c BK  |e YUNUSA, A.A.  |f 25/01/2021 
952 |0 0  |1 0  |2 lcc  |4 0  |6 LB1731 H72  |7 0  |9 1696  |a HOL  |b ED  |c LP  |d 2021-01-25  |l 0  |o LB1731 .H72  |p 2021-0478  |r 2021-01-25 00:00:00  |w 2021-01-25  |y BK 
952 |0 0  |1 0  |2 lcc  |4 0  |6 LB1731 H72  |7 0  |9 1697  |a HOL  |b HOL  |c LP  |d 2021-01-25  |l 0  |o LB1731 .H72  |p 2021-0479  |r 2021-01-25 00:00:00  |w 2021-01-25  |y BK 
999 |c 902  |d 902